01030nam a2200265 a 4500001001000000003000900010005001700019007000300036008004100039040002500080082002200105245005800127264006900185300002700254336002700281337003300308338002800341590002600369651004200395651005400437910003700491942001400528952020500542999001700747000033133DO-SdBNP20251016091943.0ta110817s1900 dr r 000 0 spa d aDO-SdBNPbspacBNPHU 4a972.93bD671r22200aDominican Republic :ba study in the new imperialism. 4aNew York :bInstitute for International Labor Research,c[19..?] a79 páginas ;c22 cm. atextobtxt2rdacontent asin mediaciónbn2rdamedia avolumenbnc2rdacarrier aInventariado, 2018/VM 4aRepública DominicanaxHistoria9170 4aRepública DominicanaxPolítica y gobierno945 aValidado. Control de calidad MFF 2ddccLBS1 00102ddc51708CIJ-PD-RVaBNPHUbBNPHUcHDd2011-08-17eDonaciónoBNPHU PD -RV 972.93 D671rp33133-10r2020-06-25w2020-06-25yLBS1zPerteneció a la biblioteca personal de Germán Emilio Ornes. c32624d32624